000 00564nam a2200193Ia 4500
005 20250326144926.0
008 250326s9999 xx 000 0 und d
020 _a81-8054-286-6
037 _aTextbook
040 _aFMSL
_beng
_cFMSL
041 _aeng
_2eng
084 _aX:8C P5
_qFMSL
100 _aGupta R L
245 0 _aPrinciples and practice of accountancy: text-cum-assignment material
_cGupta R L; Gupta V K
260 _aNew Delhi
_bNew Delhi, Sultan Chand
_c2005
300 _avp
942 _cTB
_hX:8C P5
999 _c1305645
_d1305645